Caminos al trabajo (Registro nro. 3835)

Detalles MARC
000 -LEADER
fixed length control field 02394 a2200241 4500
001 - CONTROL NUMBER
control field 44886
005 - DATE AND TIME OF LATEST TRANSACTION
control field 20260407155723.0
008 - FIXED-LENGTH DATA ELEMENTS--GENERAL INFORMATION
fixed length control field 260407a2016 arg spa d
003 - CONTROL NUMBER IDENTIFIER
control field AR-UNSa-BCEJYS
040 ## - CATALOGING SOURCE
Original cataloging agency AR-UNSa-BCEJYS
Language of cataloging spa
Transcribing agency AR-UNSa-BCEJYS
080 ## - UNIVERSAL DECIMAL CLASSIFICATION NUMBER
Universal Decimal Classification number 331.101.26
Common auxiliary subdivision Economía del trabajo
020 ## - INTERNATIONAL STANDARD BOOK NUMBER
International Standard Book Number 978-84-16467-43-3
041 ## - LANGUAGE CODE
Language code of text/sound track or separate title spa
100 1# - MAIN ENTRY--PERSONAL NAME
Personal name Busso, Mariana
245 10 - TITLE STATEMENT
Title Caminos al trabajo
Name of part/section of a work el mundo laboral de los jóvenes durante la última etapa del gobierno kirchnerista
264 #1 - PRODUCTION, PUBLICATION, DISTRIBUTION, MANUFACTURE, AND COPYRIGHT NOTICE
Place of production, publication, distribution, manufacture Buenos Aires :
Name of producer, publisher, distributor, manufacturer CONICET
Date of production, publication, distribution, manufacture, or copyright notice 2016
300 ## - PHYSICAL DESCRIPTION
Extent 202 p.
Dimensions 23 cm.
505 ## - FORMATTED CONTENTS NOTE
Formatted contents note 1. Más y mejor empleo, más y mayores desigualdades intergeneracionales. Un análisis de la dinámica general del empleo joven en la posconvertibilidad / Camila Deleo y Mariana Fernández Massi – 2. Jóvenes, trabajo y desigualdades de género en Argentina (2003- 2014) / Pablo Pérez – 3. Estrategias de búsqueda de empleo y trayectorias laborales de jóvenes argentinos / Camila Deleo y Pablo Pérez – 4. La precariedad laboral en el ingreso al mundo del trabajo y sus dispositivos de reproducción y profundización de desigualdades sociales / Mariana Busso – 5. “Volver a la escuela”. Disposiciones educativas de jóvenes estudiantes del Plan FinEs2 en un barrio popular del gran La Plata / Federico Martín González – 6. Definir la juventud a la luz de los momentos de decisiones y de los métodos longitudinales / María Eugenia Longo – 7. Saberes laborales y disposiciones sociales. Capital cultural y estrategias de inserción laboral entre jóvenes varones de clases populares de Gran Córdoba / Gonzalo Assusa – 8. Sentidos comunes detrás de políticas estatales destinadas a jóvenes en la etapa Kirchnerista. Un análisis discursivo del programa Jóvenes con Más y Mejor Trabajo y el nuevo sistema de pasantías / Marina Adamini y Brenda Brown – 9. Ni héroes ni apáticos. Elementos para pensar la participación de los jóvenes en las organizaciones sindicales / Anabel Beliera y Julieta Longo – 10. Jóvenes militantes del sindicalismo peronista en La Plata: entre la familia, la escuela, el trabajo y los momentos históricos / Mariana Chaves y Carlos Galimberti
590 ## - LOCAL NOTE (RLIN)
Local note niveau_biblio:m niveau_hierar:0
700 1# - ADDED ENTRY--PERSONAL NAME
Personal name Pérez, Pablo
856 41 - ELECTRONIC LOCATION AND ACCESS
Uniform Resource Identifier <a href="https://www.biblioeco.unsa.edu.ar/pmb/images/libros/L127017.jpg">https://www.biblioeco.unsa.edu.ar/pmb/images/libros/L127017.jpg</a>
Link text Imagen de portada
Electronic format type image/jpeg
942 ## - ADDED ENTRY ELEMENTS (KOHA)
Koha item type
Existencias
Withdrawn status Lost status Damaged status Not for loan Home library Current library Shelving location Date acquired Total checkouts Full call number Barcode Date last seen Price effective from Koha item type
        Biblioteca Prof. Eusebio Cleto del Rey Biblioteca Prof. Eusebio Cleto del Rey   07/04/2026   331.101.26 B981 L127017 07/04/2026 07/04/2026 Libro